[Event "Budapest FS03 IM-A"]
[Site "Budapest"]
[Date "1997.??.??"]
[Round "11"]
[White "Szabo, Zsolt"]
[Black "Belotelov, Dimitri"]
[Result "1-0"]
[WhiteElo "2355"]
[BlackElo "2225"]

1.e4 c5 2.Nf3 e6 3.d4 cxd4 4.Nxd4 Nc6 5.Nc3 a6 6.Be2 Nge7 7.Be3 Nxd4 8.Qxd4 b5
9.O-O Nc6 10.Qd2 Bb7 11.f4 Be7 12.Rad1 Rc8 13.e5 Na5 14.Kh1 Nc4 15.Bxc4 Rxc4
16.b3 Rc8 17.Ne2 Qc7 18.Ng3 Bd5 19.Rf2 O-O 20.Bd4 f5 21.exf6 Bxf6 22.Bxf6 Rxf6
23.f5 Qc3 24.Qg5 Rcf8 25.Rxd5 exd5 26.h3 Qe1+ 27.Rf1 Qe5 28.Rf3 d4 29.Rf4 h6
30.Qg4 d5 31.Rxd4 Rc6 32.c4 bxc4 33.bxc4 dxc4 34.Rxc4 Rd6 35.Re4 Qa1+ 36.Kh2 Qxa2
37.Re7 Rf7 38.Re8+ Kh7 39.Ne4 Rc6 40.Qh5  1-0

[Event "Budapest"]
[Site "Budapest"]
[Date "1997.??.??"]
[Round "11"]
[White "Kiss, Gedeon"]
[Black "Murzin, Lenar"]
[Result "1-0"]
[WhiteElo "2190"]
[BlackElo "2320"]

1.e4 c5 2.Nf3 e6 3.d4 cxd4 4.Nxd4 Nc6 5.Nc3 Qc7 6.Be2 Nf6 7.Be3 Be7 8.O-O O-O
9.f4 d6 10.Kh1 Re8 11.Bf3 a6 12.a4 Rb8 13.g4 Nxd4 14.Bxd4 e5 15.fxe5 dxe5
16.Ba7 Ra8 17.g5 Rd8 18.Qe2 Ne8 19.Be3 Be6 20.Bg4 Bc4 21.Qf2 Qc6 22.b3 Bxf1
23.Rxf1 f6 24.Nd5 Rxd5 25.exd5 Qxd5+ 26.Bf3 e4 27.c4 Qc6 28.Be2 Rd8 29.c5 Nc7
30.Bc4+ Nd5 31.Qh4 f5 32.Rxf5 Kh8 33.Bd4 e3 34.Qe4 e2 35.Bxg7+ Kxg7 36.Bxd5 Re8
37.Rf7+ Kg8 38.Qxh7+  1-0

[Event "Buenos Aires op"]
[Site "Buenos Aires"]
[Date "1997.??.??"]
[Round "3"]
[White "Lozano, Luis Miguel"]
[Black "Bronstein, Luis"]
[Result "0-1"]
[WhiteElo "2145"]
[BlackElo "2395"]

1.e4 c5 2.Nf3 e6 3.d4 cxd4 4.Nxd4 Nc6 5.Nc3 a6 6.Be2 Qc7 7.O-O Nf6 8.Bg5 Be7
9.Nb3 b5 10.a3 Ng4 11.Bxg4 Bxg5 12.Qe2 O-O 13.Rad1 Bf4 14.Kh1 Ne5 15.Nc1 Bxc1
16.Rxc1 f5 17.exf5 Nxg4 18.Qxg4 Rxf5 19.Qg3 Qxg3 20.hxg3 Bb7 21.Nd1 Kf7 22.Ne3 Rc5
23.Kg1 h5 24.f3 a5 25.c3 Rb8 26.Kf2 b4 27.cxb4 Rxc1 28.Rxc1 axb4 29.a4 b3
30.Rc5 Bc6 31.a5 Bb5 32.Nc4 Bxc4 33.Rxc4 d5 34.Ra4 Ke7 35.Ke3 Kd6 36.a6 Kc5
37.Kf4 Ra8 38.Ra3 Kd4 39.a7 e5+ 40.Kf5 e4 41.fxe4 dxe4 42.Rxb3 e3 43.Rb8 Rxa7
44.Rd8+ Kc4 45.Kf4 e2 46.Re8 Kd3 47.Rd8+ Kc2 48.Re8 Kd2 49.Rd8+ Ke1 50.Kg5 Kf2
51.Rf8+ Kxg2 52.Re8  0-1

[Event "Najdorf op"]
[Site "Buenos Aires"]
[Date "1997.??.??"]
[Round "7"]
[White "Sanchez, Fernando"]
[Black "Giardelli, Sergio C"]
[Result "1-0"]
[WhiteElo "2265"]
[BlackElo "2460"]

1.e4 c5 2.Nf3 e6 3.d4 cxd4 4.Nxd4 Nc6 5.Nc3 Qc7 6.g3 a6 7.Bg2 d6 8.O-O Bd7
9.Re1 Be7 10.Nxc6 bxc6 11.e5 d5 12.Qg4 g6 13.Bg5 Rb8 14.Bxe7 Nxe7 15.Qg5 Rxb2
16.Qf6 Rg8 17.Rab1 Rxc2 18.Rb3 Bc8 19.Reb1 g5 20.Nd1 Re2 21.Ne3 Rg6 22.Qh8+ Rg8
23.Qf6 Rg6 24.Qh8+ Rg8 25.Qf6 h5  1-0

[Event "Goodricke op"]
[Site "Calcutta"]
[Date "1997.??.??"]
[Round "7"]
[White "Bakre, Tejas"]
[Black "Soman, Satchidanand"]
[Result "1/2-1/2"]
[WhiteElo "2205"]
[BlackElo "2320"]

1.e4 c5 2.Nf3 e6 3.d4 cxd4 4.Nxd4 Nc6 5.Nc3 Qc7 6.Be3 a6 7.Qd2 Nf6 8.f3 Bb4
9.a3 Be7 10.g4 h6 11.O-O-O b5 12.Nxc6 dxc6 13.e5 Nd5 14.f4 Bb7 15.Bg2 O-O-O
16.Nxd5 exd5 17.Qf2 c5 18.f5 d4 19.Bf4 Bg5 20.Bxb7+ Kxb7 21.h4 Bxf4+ 22.Qxf4 Rhe8
23.Qe4+ Qc6 24.Rhe1 Qxe4 25.Rxe4 Re7 26.Rde1 Rde8 27.c3 Kc6 28.cxd4 cxd4
29.Kd2 Kd5 30.Kd3 Rxe5 31.Rxd4+ Kc6 32.Rc1+ Kb6 33.Rd6+ Ka5 34.Rc3 Re3+ 35.Kc2 Rxc3+
36.Kxc3 Rc8+ 37.Kb3 Rc4 38.Rd7 Rxg4 39.Rxf7 h5 40.Rb7 Rxh4 41.Rxg7 Rf4 42.Rb7 Rh4
43.Rg7 Rf4 44.Rg5 h4 45.Rh5 Kb6 46.f6 a5 47.f7 a4+ 48.Kc3 Rf3+ 49.Kc2  1/2-1/2

[Event "Goodricke op"]
[Site "Calcutta"]
[Date "1997.??.??"]
[Round "9"]
[White "Joshi, G B."]
[Black "Sahu, Sekhar Chandra"]
[Result "1-0"]
[WhiteElo "2285"]
[BlackElo "2320"]

1.e4 c5 2.Nf3 e6 3.d4 cxd4 4.Nxd4 Nc6 5.Nc3 Nf6 6.g3 Bb4 7.Bg2 d5 8.exd5 Nxd5
9.O-O O-O 10.Nxd5 exd5 11.c3 Be7 12.Bf4 g5 13.Be3 Ne5 14.Qb3 Nc4 15.Rfe1 a5
16.Qb5 a4 17.b4 axb3 18.axb3 Rxa1 19.Rxa1 Nxe3 20.fxe3 Qc7 21.Rc1 Ba3 22.Rc2 Qe5
23.e4 Rd8 24.b4 Qc7 25.exd5 Bd7 26.d6 Qb8 27.Qxg5+ Kh8 28.Qf6+ Kg8 29.Bd5 Rf8
30.Rf2 Qe8 31.Re2 Be6 32.Nf5  1-0

[Event "Goodricke op"]
[Site "Calcutta"]
[Date "1997.??.??"]
[Round "10"]
[White "Dhar, Saheli"]
[Black "Soman, Satchidanand"]
[Result "1/2-1/2"]
[WhiteElo "2185"]
[BlackElo "2320"]

1.e4 c5 2.Nf3 e6 3.d4 cxd4 4.Nxd4 Nc6 5.Nc3 Qc7 6.Be3 a6 7.Be2 b5 8.Nxc6 Qxc6
9.Bf3 Bb7 10.e5 Qc7 11.Bxb7 Qxb7 12.O-O Qc7 13.Bd4 Ne7 14.Ne4 Nc6 15.Nd6+ Bxd6
16.exd6 Qxd6 17.Bxg7 Qxd1 18.Rfxd1 Rg8 19.Bf6 Rg6 20.Bh4 d5 21.c3 Rc8 22.Bg3 Rg4
23.b3 Ne7 24.f3 Rg8 25.Be5 Ng6 26.Bf6 Rc7 27.a4 bxa4 28.Rxa4 e5 29.Rb4 Kd7
30.Rxd5+ Ke6 31.Rd8 Rxd8 32.Bxd8 Rxc3 33.Bg5 Rc6 34.Kf1 f6 35.Bd2 h5  1/2-1/2

[Event "Calimanesti op"]
[Site "Calimanesti"]
[Date "1997.??.??"]
[Round "?"]
[White "Cioara, Andrei Nestor"]
[Black "Badea, Bela"]
[Result "0-1"]
[WhiteElo "2290"]
[BlackElo "2535"]

1.e4 c5 2.Nf3 e6 3.d4 cxd4 4.Nxd4 Nc6 5.Nc3 Qc7 6.Nb3 a6 7.Be2 b5 8.O-O Nf6
9.a3 Be7 10.f4 d6 11.Be3 Bb7 12.Bf3 O-O 13.Qe2 Nd7 14.g4 Rfe8 15.g5 Bf8 16.h4 Ne7
17.h5 Nb6 18.Na5 Bc8 19.Rad1 d5 20.e5 Nf5 21.Bf2 Rb8 22.Bg4 Na4 23.Nb3 Nxb2
24.Bxf5 Nxd1 25.Bxh7+ Kxh7 26.Nxd1 d4 27.Nxd4 Bb7 28.Kh2 Qc4 29.g6+ Kg8 30.gxf7+ Kxf7
31.Qe1 Bc5 32.c3 Rh8 33.Ne3 Rxh5+ 34.Kg3 Qd3 35.Kg4 Qg6+  0-1

[Event "Calimanesti op"]
[Site "Calimanesti"]
[Date "1997.??.??"]
[Round "?"]
[White "Tomescu, Vlad"]
[Black "Istrate, Bogdan"]
[Result "0-1"]
[WhiteElo "2380"]
[BlackElo "2345"]

1.e4 c5 2.Nf3 e6 3.d4 cxd4 4.Nxd4 Nc6 5.Nc3 Qc7 6.g3 a6 7.Bg2 Nf6 8.O-O Bc5
9.Nb3 Ba7 10.Bf4 Ne5 11.Kh1 d6 12.a4 O-O 13.Qe2 Nc4 14.Bc1 e5 15.h3 Be6 16.f4 exf4
17.gxf4 g6 18.f5 Nh5 19.Rf3 Ne5 20.fxe6 Nxf3 21.Qxf3 fxe6 22.Qd3 d5 23.Be3  0-1

[Event "Cannes op-B 18th"]
[Site "Cannes"]
[Date "1997.??.??"]
[Round "1"]
[White "Bakus, Michel"]
[Black "Moltchanov, Roman"]
[Result "0-1"]
[WhiteElo "2200"]
[BlackElo "2285"]

1.e4 c5 2.Nf3 e6 3.d4 cxd4 4.Nxd4 Nc6 5.Nc3 Qc7 6.Be2 a6 7.O-O Nf6 8.Kh1 b5
9.Nxc6 dxc6 10.a3 e5 11.f4 Bd6 12.f5 Bb7 13.Bg5 h6 14.Bxf6 gxf6 15.a4 Rd8
16.Bd3 Ke7 17.axb5 axb5 18.Qh5 Bc5 19.Qe2 h5 20.Rab1 Ra8 21.Ra1 Qb8 22.Rxa8 Qxa8
23.Nd1 h4 24.h3 Qa2 25.c3 Rd8 26.Nf2 Bb6 27.Bb1 Qb3 28.Kh2 b4 29.Nd1 Qa4
30.Bc2 b3 31.Bd3 Rxd3 32.Qxd3 Ba6 33.Qf3 Bxf1 34.Qxf1 Qxe4 35.c4 Bd4 36.g3 Qc2+
37.Kh1 hxg3 38.Nc3 Qh2+  0-1

[Event "Cannes op-B 18th"]
[Site "Cannes"]
[Date "1997.??.??"]
[Round "2"]
[White "Sebban, Jean Paul"]
[Black "Maes, Wim"]
[Result "1/2-1/2"]
[WhiteElo "2150"]
[BlackElo "2285"]

1.e4 c5 2.Nf3 e6 3.d4 cxd4 4.Nxd4 Nc6 5.Nc3 Qc7 6.Be3 a6 7.Bd3 Nf6 8.O-O Ne5
9.h3 Bc5 10.Kh1 d6 11.f4 Ng6 12.a3 O-O 13.Qe1 b5 14.b4 Bb6 15.a4 e5 16.fxe5 dxe5
17.Rxf6 Bxd4 18.Nd5 Qd8 19.Bxd4 exd4 20.Rxg6 hxg6 21.axb5 Bb7 22.bxa6 Bxd5
23.exd5 Re8 24.Qf2 Qxd5 25.Ra5 Qd6 26.Bc4 Ra7 27.Rd5 Qxb4 28.Rxd4 Qb1+ 29.Kh2 Qb8+
30.Qg3 Qc8 31.Rf4 Qc5 32.Qf2 Qe5 33.Qg3 Rc7 34.Bd3 Rce7 35.Rf1 Qc5 36.Qf2 Qc7+
37.Qf4 Qc5  1/2-1/2

[Event "Wch U14"]
[Site "Cannes"]
[Date "1997.??.??"]
[Round "2"]
[White "Sargissian, Gabriel"]
[Black "Sedlak, Nicola"]
[Result "1-0"]
[WhiteElo "2335"]
[BlackElo "2080"]

1.e4 c5 2.Nf3 e6 3.d4 cxd4 4.Nxd4 Nc6 5.Nc3 Qc7 6.Be3 a6 7.Be2 Nf6 8.O-O Bb4
9.Na4 O-O 10.c4 Bd6 11.g3 Nxe4 12.c5 Be5 13.Nxc6 bxc6 14.f4 Bf6 15.Bd3 d5
16.cxd6 Nxd6 17.Bb6 Qe7 18.Bc5 Rd8 19.Nb6 Qa7 20.b4 Bxa1 21.Qxa1 Qb8 22.Nxa8 Qxa8
23.Rd1 f5 24.Bc4 Nb7 25.Rxd8+ Nxd8 26.Qe5 Nf7 27.Qc7 Qb7 28.Qxb7 Bxb7 29.Bxe6 g6
30.Kf2 Kg7 31.Be7 Nh6 32.h3 Ng8 33.Bd8 Nf6 34.Bxf6+ Kxf6 35.Bc4 Bc8 36.Ke3 Ke7
37.Kd4 Kd6 38.h4 a5 39.bxa5 c5+ 40.Kc3 Kc6 41.a4 h6 42.Bb5+ Kd6 43.a6 Be6
44.a7 Bd5 45.Bc4 Be4 46.Bf7 Kc7 47.Bxg6 Kb7 48.g4 Bc6 49.g5 hxg5 50.h5 Bd5
51.h6 Bg8 52.Bf7  1-0

[Event "Cannes op 18th"]
[Site "Cannes"]
[Date "1997.??.??"]
[Round "4"]
[White "Grigorov, Jordan N"]
[Black "Van der Werf, Mark"]
[Result "1-0"]
[WhiteElo "2375"]
[BlackElo "2420"]

1.e4 c5 2.Nf3 e6 3.Nc3 Nc6 4.d4 cxd4 5.Nxd4 Qc7 6.g3 a6 7.Bg2 Nf6 8.O-O Bc5
9.Nb3 Ba7 10.Qe2 Ne5 11.Be3 Bxe3 12.Qxe3 Nc4 13.Qc1 e5 14.Nd2 Nxd2 15.Qxd2 b5
16.a4 bxa4 17.Rxa4 O-O 18.Rd1 Bb7 19.Nd5 Nxd5 20.exd5 d6 21.c4 f5 22.Rc1 f4
23.c5 dxc5 24.d6 Qd7 25.Bxb7 Qxb7 26.Rxc5 Qd7 27.Ra3 Rad8 28.Rxa6 f3 29.Qc1 e4
30.Rc7 Qg4 31.Raa7 e3 32.Qxe3 Rxd6 33.Rxg7+ Qxg7 34.Rxg7+ Kxg7 35.Qe7+  1-0

[Event "Wch U12"]
[Site "Cannes"]
[Date "1997.??.??"]
[Round "4"]
[White "Mamedov, Nidjat"]
[Black "Livshits, Gaby"]
[Result "1-0"]
[WhiteElo "2295"]
[BlackElo "2085"]

1.e4 c5 2.Nf3 e6 3.d4 cxd4 4.Nxd4 Nc6 5.Nc3 Qc7 6.Be2 a6 7.O-O Nf6 8.a4 b6
9.Be3 Bb7 10.Nb3 Be7 11.f4 d6 12.Bf3 O-O 13.Qe2 Nd7 14.Rad1 Rfd8 15.g4 Nc5
16.g5 Bf8 17.Bg2 g6 18.f5 Ne5 19.Nd4 Re8 20.fxe6 fxe6 21.Bf4 Rad8 22.Nf3 Bg7
23.Nxe5 Bxe5 24.Bxe5 dxe5 25.Qc4 Qe7 26.b4 Nd7 27.Qc7 Bc8 28.Rd6 Qxg5 29.Rfd1 h5
30.Kh1 Rf8 31.R6d3 h4 32.Bh3 Qe7 33.Rd6 Kh7 34.Bxe6 Qg5 35.Bxd7 Rf7 36.R6d3 Rdf8
37.Rg1 Qf6 38.Qc6 Qxc6 39.Bxc6 Rf1 40.Rxf1  1-0

[Event "Cannes op 18th"]
[Site "Cannes"]
[Date "1997.??.??"]
[Round "7"]
[White "Tirard, Hugo"]
[Black "Al Modiahki, Mohamad"]
[Result "1/2-1/2"]
[WhiteElo "2365"]
[BlackElo "2410"]

1.e4 c5 2.Nf3 e6 3.d4 cxd4 4.Nxd4 Nc6 5.Nc3 Qc7 6.Be3 a6 7.Bd3 Nf6 8.O-O Ne5
9.h3 Bc5 10.Kh1 d6 11.f4 Nc6 12.Qe1 O-O 13.f5 Ne5 14.g4 d5 15.exd5 exf5 16.Bxf5 Nc4
17.Bf4 Qd8 18.Bxc8 Rxc8 19.Nf5 Bb4 20.d6 Nxb2 21.Be5 Re8 22.Ne7+ Rxe7 23.dxe7 Bxe7
24.Qf2 Qd7 25.Rae1 Nc4 26.Bd4 Bd8 27.Ne4 Nxe4 28.Rxe4 Nd6 29.Re2 h5 30.Qf3 Nb5
31.c3 hxg4 32.Qxg4 Qc6+ 33.Qe4 Nxd4 34.cxd4 Bb6 35.d5 Qh6 36.Qg4 Rc3 37.Re8+ Kh7
38.Qf5+ Qg6 39.Qxg6+ Kxg6 40.Kg2 Rc2+ 41.Kf3 Rd2 42.Rb1 Bc5 43.Rxb7 Rxd5
44.Rc8 Rh5 45.Rc6+ f6 46.Rxa6 Rxh3+ 47.Kg2 Rd3 48.Rc6 Rd2+ 49.Kf1 Ba3 50.Ra7 Bb4
51.Rc4 Bd6 52.a4 Ra2 53.Ke1 Be5 54.Rg4+ Kf5 55.Rgxg7 Ke4 56.Rgb7 Bc3+ 57.Kd1 Kd3
58.Rd7+ Bd4 59.Rxd4+  1/2-1/2

[Event "Cannes op-B 18th"]
[Site "Cannes"]
[Date "1997.??.??"]
[Round "7"]
[White "Zelenika, Srdjan"]
[Black "Pira, Davoud"]
[Result "0-1"]
[WhiteElo "2270"]
[BlackElo "2345"]

1.e4 c5 2.Nf3 Nc6 3.d4 cxd4 4.Nxd4 e6 5.Nc3 Qc7 6.Be2 a6 7.O-O Nf6 8.a3 Nxd4
9.Qxd4 Bd6 10.Kh1 Be5 11.Qd3 b6 12.Be3 Bb7 13.Bd4 d5 14.Bxe5 Qxe5 15.f4 dxe4
16.Qg3 Qf5 17.Qe3 Qc5 18.Qxc5 bxc5 19.Na4 Rc8 20.c4 a5 21.Rfd1 Ke7 22.Kg1 Rhd8
23.Rxd8 Kxd8 24.g4 Ke7 25.Kf2 Nd7 26.Rd1 Rc6 27.Ke3 Rd6 28.Rb1 Bc6 29.Nc3 f5
30.Rg1 g6 31.h4 Nb6 32.b3 Rd4 33.a4 Rd7 34.h5 Kf7 35.Rh1 Kg7 36.Nd1 Nc8 37.Nf2 Ne7
38.hxg6 hxg6 39.g5 Bb7 40.Rd1 Rxd1 41.Nxd1 Nc6 42.Nc3 Kf7 43.Nb5 Ke7 44.Nc3 Nd4
45.Bd1 e5 46.fxe5 Ne6 47.Nd5+ Kf7 48.b4 cxb4 49.Bb3 Bc6 50.Nf4 Nc5 51.e6+ Ke7
52.Nxg6+ Kxe6 53.Nf4+ Kf7 54.Bd1 b3 55.Kd4 b2 56.Bc2 Bxa4 57.Bb1 Ne6+ 58.Nxe6 Kxe6
59.Kc3 Kf7 60.Kxb2 Kg6 61.Kc3 Kxg5 62.Kd4 Kf4 63.c5 Bc6 64.Ba2 a4  0-1

[Event "Wch U14"]
[Site "Cannes"]
[Date "1997.??.??"]
[Round "7"]
[White "Grigoriants, Sergey"]
[Black "Mastrovasilis, Dimitrios"]
[Result "1/2-1/2"]
[WhiteElo "2315"]
[BlackElo "2145"]

1.e4 c5 2.Nf3 e6 3.d4 cxd4 4.Nxd4 Nc6 5.Nc3 Qc7 6.Be3 a6 7.Bd3 Nf6 8.O-O b5
9.Qe2 Bb7 10.f4 d6 11.Rae1 Be7 12.a3 O-O 13.Nb3 Rac8 14.Qf3 b4 15.axb4 Nxb4
16.Nd4 Nd7 17.Qg3 Bf6 18.Qh3 Rfe8 19.Rd1 Qb8 20.Nde2 Qa8 21.e5 Nxd3 22.Rxd3 Be7
23.exd6 Bf6 24.Bd4 Red8 25.Rfd1 h6 26.Rg3 Kh7 27.Qg4 g6 28.Rh3 Kg7 29.Qh4 Rh8
30.Qf2 Rhd8 31.Qh4  1/2-1/2

[Event "Wch U14"]
[Site "Cannes"]
[Date "1997.??.??"]
[Round "10"]
[White "Perunovic, Milos"]
[Black "Mastrovasilis, Dimitrios"]
[Result "0-1"]
[WhiteElo "2160"]
[BlackElo "2145"]

1.e4 c5 2.Nf3 e6 3.d4 cxd4 4.Nxd4 Nc6 5.Nc3 Qc7 6.Be2 Nf6 7.O-O a6 8.Be3 Bb4
9.Na4 O-O 10.c4 Be7 11.Nxc6 bxc6 12.Qc2 d6 13.f4 c5 14.Bf3 Rb8 15.Nc3 Nd7
16.Rad1 Bb7 17.Qf2 Rfd8 18.Rd2 Bc6 19.Rfd1 Qb7 20.b3 a5 21.Rd3 h6 22.Qe1 a4
23.Bf2 axb3 24.axb3 Bf8 25.Bh4 Rdc8 26.Rb1 Nb6 27.Bg3 Nd7 28.Qd1 Nf6 29.e5 Bxf3
30.gxf3 dxe5 31.fxe5 Nh5 32.Ne4 Rc6 33.Qd2 Rb6 34.Bf2 Qc7 35.f4 g5 36.Rd7 Qc6
37.Nf6+ Nxf6 38.exf6 Rxb3 39.Rd1 Qf3 40.fxg5 Qg4+ 41.Kh1 Qf3+ 42.Kg1 Qg4+
43.Bg3 hxg5 44.Kh1 Rb2 45.Bxb8 Rxd2 46.R1xd2 Qxc4 47.Rg2 Qf4 48.Rg1 Qf3+
49.Rg2 Qf1+ 50.Rg1 Qxf6 51.Rd3 Kh7 52.Rdg3 Bh6  0-1

[Event "Cappelle op"]
[Site "Cappelle la Grande"]
[Date "1997.??.??"]
[Round "4"]
[White "Kuzmin, Gennadi P"]
[Black "Dumitrache, Dragos"]
[Result "1-0"]
[WhiteElo "2535"]
[BlackElo "2495"]

1.e4 c5 2.Nf3 e6 3.d4 cxd4 4.Nxd4 Nc6 5.Nc3 Qc7 6.Be2 a6 7.O-O Nf6 8.a3 Nxd4
9.Qxd4 Bd6 10.Kh1 Be5 11.Qd3 Bxc3 12.bxc3 d5 13.exd5 Nxd5 14.c4 Ne7 15.Bb2 O-O
16.Rad1 Nc6 17.f4 f6 18.c5 Rd8 19.Qg3 Qe7 20.Rd6 Bd7 21.Rfd1 Be8 22.Bd3 Bf7
23.h3 Kh8 24.Be4 Be8 25.Qd3 Rdc8 26.Re1 Nd8 27.a4 Bxa4 28.c6 Bxc6 29.Bxc6 Nxc6
30.Rexe6 Qf7 31.Rxf6 gxf6 32.Rxf6 Kg8 33.Rxf7 Kxf7 34.Qxh7+ Ke6 35.Ba3  1-0

[Event "Cherkessk"]
[Site "Cherkessk"]
[Date "1997.??.??"]
[Round "8"]
[White "Lobzhanidze, Davit"]
[Black "Poluljahov, Aleksandr"]
[Result "1-0"]
[WhiteElo "2375"]
[BlackElo "2510"]

1.e4 c5 2.Nf3 e6 3.d4 cxd4 4.Nxd4 Nc6 5.Nc3 Qc7 6.g3 a6 7.Bg2 Nf6 8.O-O d6
9.Re1 Rb8 10.Nxc6 bxc6 11.b3 Be7 12.Na4 O-O 13.c4 c5 14.Bb2 Nd7 15.f4 Bb7
16.e5 dxe5 17.fxe5 Bxg2 18.Kxg2 Rbd8 19.Qe2 Nb8 20.Rad1 Nc6 21.Bc3 g6 22.Nb2 h5
23.Rxd8 Rxd8 24.Rd1 Rxd1 25.Nxd1 a5 26.Nf2 a4 27.bxa4 Qa7 28.Qc2 Qa6 29.Qb3 Nb4
30.Ne4 Qa8 31.Kf3 Qd8 32.Qb1 Nc6 33.Ke3 Nd4 34.a5 Nf5+ 35.Kf3 Qa8 36.Qb5 g5
37.a6 Kg7 38.Qb7 Qd8 39.Ke2 Nd4+ 40.Kf2 Nf5 41.Nd6 Bxd6 42.exd6+ Nd4 43.Qe7  1-0

[Event "Capablanca 32th Elite"]
[Site "Cienfuegos"]
[Date "1997.??.??"]
[Round "1"]
[White "Becerra Rivero, Julio"]
[Black "Zapata, Alonso"]
[Result "1-0"]
[WhiteElo "2510"]
[BlackElo "2515"]

1.e4 c5 2.Nf3 e6 3.d4 cxd4 4.Nxd4 Nc6 5.Nc3 Qc7 6.Be2 a6 7.Be3 Nf6 8.a3 b5
9.O-O Bb7 10.Kh1 Ne5 11.f3 Nc4 12.Bc1 Rc8 13.a4 b4 14.Na2 d5 15.b3 Nb6 16.a5 Nbd7
17.exd5 Nxd5 18.Re1 Bd6 19.Bxa6 Bxa6 20.Nxe6 Qxa5 21.Qxd5 Qxd5 22.Nc7+ Kf8
23.Nxd5 Be5 24.Bf4 Bxf4 25.Nxf4 g5 26.Nxb4 Bb7 27.Nfd3 g4 28.Ra7 Rb8 29.f4 Kg7
30.Kg1 Rhd8 31.c4 Kf8 32.c5 Rdc8 33.c6 Rxc6 34.Rxb7 Rxb7 35.Nxc6 Rxb3 36.Nde5 Nf6
37.Ra1 h5 38.Nd4  1-0

[Event "Capablanca mem mixed"]
[Site "Cienfuegos"]
[Date "1997.??.??"]
[Round "6"]
[White "Arribas, Maritza"]
[Black "Perdomo, Carlos"]
[Result "0-1"]
[WhiteElo "2270"]
[BlackElo "2330"]

1.e4 c5 2.Nf3 e6 3.d4 cxd4 4.Nxd4 Nc6 5.Nc3 Qc7 6.g3 a6 7.Bg2 Nf6 8.O-O d6
9.Re1 Nxd4 10.Qxd4 Be7 11.Bg5 h6 12.Be3 O-O 13.h3 Bd7 14.Rad1 b5 15.e5 dxe5
16.Qh4 Rae8 17.Bc1 Bc6 18.Bxc6 Qxc6 19.Re2 b4 20.Ne4 Nh7 21.Qh5 Rd8 22.Rde1 f5
23.Nd2 e4 24.f3 Ng5 25.f4 Bc5+ 26.Kg2 Nf7 27.Nb3 Be7 28.Be3 Kh7 29.Rf2 Bf6
30.Rb1 Nd6 31.Qd1 Nc4 32.Qc1 a5 33.Re2 Rd5 34.Kh2 a4 35.Nd2 Nxe3 36.Rxe3 Rc8
37.c4 bxc3 38.bxc3 Bxc3 39.Nf1 Rc5 40.Qd1 Bf6 41.Re2 Rc2 42.Ne3 Rxe2+ 43.Qxe2 Bd4
44.Rd1 Qc5 45.Ng2 Qc4 46.Qd2 Bc3 47.Qd7 Bf6 48.Qf7 Qxa2 49.h4 Rc2  0-1

[Event "Capablanca 32th Premier-A"]
[Site "Cienfuegos"]
[Date "1997.??.??"]
[Round "7"]
[White "Martin del Campo, Roberto"]
[Black "Franco Ocampo, Zenon"]
[Result "1/2-1/2"]
[WhiteElo "2465"]
[BlackElo "2460"]

1.e4 c5 2.Nf3 Nc6 3.d4 cxd4 4.Nxd4 e6 5.Nc3 Qc7 6.Be3 a6 7.Bd3 b5 8.Nxc6 Qxc6
9.O-O Bb7 10.a3 Ne7 11.Qe2 Nf5 12.Bf4 Bc5 13.Rfe1 O-O 14.Qg4 Ne7 15.e5 Ng6
16.Be4 Qb6 17.Bg3 d5 18.Bf3 f5 19.exf6 Rxf6 20.Rad1 Raf8 21.b4 Be7 22.h4 Bc8
23.Qd4 Qxd4 24.Rxd4 Bd8 25.h5 Ne7 26.Rd2 Nf5  1/2-1/2

[Event "Capablanca 32th Premier-B"]
[Site "Cienfuegos"]
[Date "1997.??.??"]
[Round "9"]
[White "Galego, Luis"]
[Black "Teske, Henrik"]
[Result "1/2-1/2"]
[WhiteElo "2475"]
[BlackElo "2500"]

1.e4 c5 2.Nc3 Nc6 3.Nf3 e6 4.d4 cxd4 5.Nxd4 Qc7 6.Nxc6 bxc6 7.Bd3 d5 8.O-O Nf6
9.Bg5 Be7 10.Qd2 h6 11.Bf4 e5 12.Bg3 d4 13.Ne2 c5 14.Bb5+ Kf8 15.f3 Be6 16.c3 Nh5
17.cxd4 Nxg3 18.Nxg3 cxd4 19.Rfc1 Qb6 20.Qd3 Bg5 21.Rc6 Qb7 22.Rc5 Rc8 23.Ba6 Qxb2
24.Rb1 Be3+ 25.Kh1 Qxb1+ 26.Qxb1 Rxc5 27.Qb8+ Bc8 28.Qd6+ Kg8 29.Qxc5 Bxa6
30.Qxa7 Bc4 31.Qc5 Bxa2 32.Qxe5 g6 33.h4 h5 34.Ne2 d3 35.Nc3 d2 36.f4 Bf2
37.Qd6 Be6 38.Qxd2 Bxh4 39.f5 gxf5 40.exf5 Bxf5 41.Qf4 Bg4 42.Ne4 Bd8 43.Nc5  1/2-1/2

[Event "KS Sommerskak op"]
[Site "Copenhagen"]
[Date "1997.??.??"]
[Round "?"]
[White "Sylvan, Jacob"]
[Black "Olesen, Martin"]
[Result "1-0"]
[WhiteElo "2245"]
[BlackElo "2355"]

1.e4 c5 2.Nf3 e6 3.d4 cxd4 4.Nxd4 Nc6 5.Nc3 a6 6.Be2 Nge7 7.Be3 d6 8.O-O Bd7
9.f4 Nxd4 10.Bxd4 Nc6 11.Be3 Be7 12.Bd3 O-O 13.Rf3 g6 14.Qe1 Bf6 15.Rd1 Qc7
16.Qf2 b5 17.Rh3 Rad8 18.g4 Bc8 19.g5 Bh8 20.f5 f6 21.fxg6 fxg5 22.gxh7+ Kg7
23.Qg2 Rf6 24.Bxg5  1-0

[Event "Veterans-Women"]
[Site "Copenhagen"]
[Date "1997.??.??"]
[Round "2"]
[White "Arakhamia, Ketevan"]
[Black "Taimanov, Mark E"]
[Result "1-0"]
[WhiteElo "2430"]
[BlackElo "2425"]

1.e4 c5 2.Nf3 e6 3.d4 cxd4 4.Nxd4 Nc6 5.Nc3 Qc7 6.f4 a6 7.Nxc6 Qxc6 8.Bd3 b5
9.Be3 Bb7 10.Qe2 Nf6 11.Bd4 Bc5 12.Bxc5 Qxc5 13.e5 Qb4 14.exf6 Qxb2 15.Kd2 Rc8
16.Qe5 gxf6 17.Qxf6 Rg8 18.Rhg1 Qb4 19.Rae1 Kf8 20.g3 d5 21.a3 Qxa3 22.f5 exf5
23.Rgf1 Rc6 24.Qe5 d4 25.Qxd4 Rd6 26.Qe5 Bc8 27.Ra1 Qb4 28.Rf4  1-0

[Event "Veterans-Women"]
[Site "Copenhagen"]
[Date "1997.??.??"]
[Round "6"]
[White "Arakhamia, Ketevan"]
[Black "Portisch, Lajos"]
[Result "1-0"]
[WhiteElo "2430"]
[BlackElo "2610"]

1.e4 c5 2.Nf3 e6 3.d4 cxd4 4.Nxd4 Nc6 5.Nc3 a6 6.Nxc6 bxc6 7.Bd3 d5 8.O-O Nf6
9.Re1 Bb7 10.Bg5 Be7 11.e5 Nd7 12.Bxe7 Qxe7 13.Qh5 c5 14.b3 h6 15.f4 g6 16.Qh3 h5
17.Nd1 Kf8 18.c4 Nb6 19.Nf2 Rd8 20.Rab1 Kg7 21.Qe3 Qc7 22.Bf1 Ra8 23.Rec1 d4
24.Qd2 a5 25.Bd3 Nc8 26.a3 Ne7 27.b4 axb4 28.axb4 Ra7 29.Ne4 Bxe4 30.Bxe4 Rb8
31.b5 Nc8 32.Ra1 Rxa1 33.Rxa1 Nb6 34.Qd3 h4 35.Ra6 g5 36.Qe2 Kf8 37.Qh5 gxf4
38.Qh8+ Ke7 39.Qxh4+ Ke8 40.Qh8+ Ke7 41.Qf6+ Kf8 42.Qxf4 d3 43.Bxd3 Rd8 44.Be2 Rd4
45.Qh6+ Ke8 46.Qh8+ Kd7 47.Qf8  1-0

[Event "Corsica rap op"]
[Site "Corsica"]
[Date "1997.??.??"]
[Round "4"]
[White "Korneev, Oleg"]
[Black "Cebalo, Miso"]
[Result "1-0"]
[WhiteElo "2565"]
[BlackElo "2485"]

1.e4 c5 2.Nf3 Nc6 3.d4 cxd4 4.Nxd4 e6 5.Nc3 d6 6.Be3 Nf6 7.f3 Be7 8.Qd2 O-O
9.O-O-O a6 10.g4 Nxd4 11.Bxd4 Nd7 12.h4 b5 13.g5 b4 14.Ne2 a5 15.f4 Bb7 16.Ng3 Rc8
17.Kb1 Nc5 18.Bg2 Re8 19.f5 Bf8 20.f6 g6 21.h5 e5 22.hxg6 fxg6 23.Bxc5 Rxc5
24.f7+ Kxf7 25.Rxh7+ Bg7 26.Nf5 gxf5 27.exf5 Bxg2 28.Qxg2 Rh8 29.Rxh8 Bxh8
30.Rh1 e4 31.g6+ Kg8 32.Rxh8+ Kxh8 33.Qh3+ Kg7 34.Qh7+ Kf6 35.Qh4+  1-0

[Event "Corsica rap op"]
[Site "Corsica"]
[Date "1997.??.??"]
[Round "9"]
[White "Magem Badals, Jorge"]
[Black "De la Riva Aguado, Oscar"]
[Result "0-1"]
[WhiteElo "2550"]
[BlackElo "2460"]

1.e4 c5 2.Nf3 Nc6 3.d4 cxd4 4.Nxd4 e6 5.Nc3 Qc7 6.Be3 a6 7.Qd2 Nf6 8.f3 Ne5
9.g4 h6 10.h4 Bb4 11.Rg1 d5 12.g5 hxg5 13.hxg5 Nfd7 14.f4 Nc5 15.fxe5 Nxe4
16.Nxe4 Bxd2+ 17.Nxd2 Qxe5 18.Kf2 Qc7 19.Re1 Bd7 20.c4 dxc4 21.Nxc4 Rh2+
22.Rg2 Rxg2+ 23.Kxg2 b5 24.Nd2 Kf8 25.N2f3 e5 26.Rc1 Qb7 27.Nb3 Bh3+ 28.Kf2 Bxf1
29.Rxf1 Qd5 30.Rc1 Re8 31.Rc5 Qe4 32.Nbd2 Qb4 33.Rc2 Qg4 34.a3 Kg8 35.Nf1 Rc8
36.Rd2 e4 37.N3h2 Qh3 38.Kg1 Qe6 39.Bf4 Qb3 40.Ne3 Rc1+ 41.Nhf1 Rb1 42.Rd4 Qxb2
43.Rxe4 Qxa3 44.Kf2 g6  0-1

[Event "Costa Rica-ch"]
[Site "Costa Rica"]
[Date "1997.??.??"]
[Round "12"]
[White "Melendez, Esteban"]
[Black "Solano, Agustin"]
[Result "1/2-1/2"]
[WhiteElo "2020"]
[BlackElo "2015"]

1.e4 c5 2.Nf3 e6 3.d4 cxd4 4.Nxd4 Nc6 5.Nc3 Nf6 6.g3 Bb4 7.Bg2 d5 8.exd5 Nxd5
9.O-O Nxc3 10.bxc3 Bxc3 11.Nxc6 Qxd1 12.Rxd1 Bd7 13.Rb1 Bxc6 14.Bxc6+ bxc6
15.Ba3 a5 16.Rb7 Bb4 17.Bxb4 axb4 18.Rdd7 O-O 19.Rxb4 Rxa2 20.Rc4 Ra6 21.Rc7 Rd8
22.R4xc6 Rxc6 23.Rxc6 Kf8 24.Kf1 Ke7 25.Ke2 Rd7 26.Rc3 Rd5 27.Rc7+ Rd7 28.Rxd7+ Kxd7
29.Kd3 Kd6 30.Kc4 Kc6 31.f4 h5 32.h4 f6 33.Kd4 Kd6 34.Kc4 Kc6 35.c3 Kb6 36.Kd4 Kc6
37.Kc4 Kb6  1/2-1/2

[Event "CZE-chT2 9697"]
[Site "CZE"]
[Date "1997.??.??"]
[Round "?"]
[White "Svatos, Jan"]
[Black "Suran, Jan"]
[Result "1/2-1/2"]
[WhiteElo "2305"]
[BlackElo "2300"]

1.e4 c5 2.Nf3 Nc6 3.Nc3 e6 4.d4 cxd4 5.Nxd4 Qc7 6.Be2 Nf6 7.O-O a6 8.Be3 Be7
9.f4 d6 10.Bf3 O-O 11.Qe2 Nxd4 12.Bxd4 e5 13.fxe5 dxe5 14.Be3 Bc5 15.Rad1 Be6
16.Qf2 Bxe3 17.Qxe3 Rad8 18.Nd5 Bxd5 19.exd5 e4 20.Bxe4 Qxh2+ 21.Kxh2 Ng4+
22.Kg3 Nxe3 23.Rh1 f5 24.Rde1 fxe4 25.Rxe3 Rxd5 26.Rhe1 Rg5+ 27.Kh3 Rf6 28.g3 Rf3
29.Rxf3 exf3 30.Rf1 Rh5+ 31.Kg4 Rh2 32.Rxf3 Rxc2 33.Rb3 b5 34.Kh3 Kf7 35.a4 Rc5
36.axb5 axb5 37.Rb4 Kf6 38.Rf4+ Rf5 39.Rd4 h5 40.Rd6+ Kg5 41.Rb6 Rd5 42.Rb7 g6
43.Rb8 Kf5 44.Rb6 Re5 45.Rb8 Ke4 46.Rb6 g5 47.Rc6 Kd3 48.b4 Re4 49.Rc5 g4+
50.Kh4 Rxb4 51.Kxh5 Kd4 52.Rf5 Kc3 53.Kh4 Kd3 54.Re5 Kc3 55.Rc5+ Kb3 56.Rf5 Kc3
57.Rc5+ Kd4 58.Rf5 Ke3 59.Rc5 Kf2 60.Rc2+ Ke1 61.Rc5 Kd2 62.Rd5+ Kc2 63.Rc5+ Kb2
64.Rf5 Kb3 65.Rc5 Ka4 66.Rf5 Ka5 67.Rf4 Rxf4 68.gxf4 Kb6 69.Kxg4 b4 70.f5 Kc7
71.Kg5 Kd7 72.Kh6 b3 73.f6 Ke6 74.Kg7 b2 75.f7 b1=Q  1/2-1/2